Paroles - Jack Uzi Freestyle 2 l'été 2020 - Statistiques

Statistiques générales
  • Ce quiz a été pris 18 fois
  • Le résultat moyen est 126 sur 274
Statistiques - réponses
Paroles % Correct
ce
92%
C'est
77%
c'est
77%
de
77%
à
69%
en
69%
J'ai
69%
j'ai
69%
Je
69%
je
69%
J'suis
69%
j'suis
69%
Moi
69%
que
69%
02
62%
au
62%
d'où
62%
Jack
62%
la
62%
La
62%
le
62%
les
62%
Les
62%
ma
62%
même
62%
mer
62%
On
62%
pas
62%
pour
62%
qui
62%
Uzi
62%
va
62%
bite
54%
boules
54%
ça
54%
croit
54%
dans
54%
d'août
54%
des
54%
doute
54%
elle
54%
il
54%
ils
54%
jamais
54%
j'bois
54%
mais
54%
Mais
54%
mois
54%
mon
54%
ni
54%
plus
54%
son
54%
sur
54%
tout
54%
Tu
54%
un
54%
vacances
54%
aussi
46%
aux
46%
bateau
46%
caca
46%
compte
46%
d'eau
46%
donner
46%
est
46%
glace
46%
j'fais
46%
j'parle
46%
langues
46%
lécher
46%
madre
46%
Madre
46%
manger
46%
Manger
46%
monde
46%
nous
46%
plusieurs
46%
poiscaille
46%
poissons
46%
Pourtant
46%
quand
46%
Quand
46%
qu'est
46%
rébou
46%
sent
46%
sont
46%
Tangue
46%
tricher
46%
une
46%
vodka
46%
02880
38%
50
38%
alcool
38%
fête
38%
gens
38%
glaçons
38%
grammes
38%
j'baise
38%
j'oublie
38%
l'nez
38%
mes
38%
mieux
38%
rouge
38%
sous
38%
s'ra
38%
tâche
38%
ton
38%
trompe
38%
ai
31%
beau
31%
bien
31%
chance
31%
copain
31%
d'lui
31%
du
31%
elles
31%
enlève
31%
faire
31%
filles
31%
j'rajoute
31%
j'viens
31%
lalala
31%
leur
31%
l'sang
31%
meuf
31%
plage
31%
qu'elle
31%
t'as
31%
tellement
31%
tentent
31%
t-shirt
31%
tuyau
31%
veut
31%
Vittel
31%
cools
23%
crème
23%
d'aspirateur
23%
d'la
23%
eh
23%
Eh
23%
exprès
23%
j'en
23%
j'nique
23%
l'gland
23%
m'dit
23%
mers
23%
nique
23%
océans
23%
parce
23%
pelouse
23%
pong
23%
Si
23%
soif
23%
solaire
23%
tombe
23%
ui
23%
Y'a
23%
y'a
23%
avec
15%
beer
15%
lalalala
15%
passe
15%
perds
15%
vaffanculo
15%
Vaffanculo
15%
bondage
8%
coude
8%
doigte
8%
gadjo
8%
J'les
8%
ouai
8%
partouzes
8%
Aucun quiz correspondant
Distribution des résultats
% des personnes avec chaque résultat
Percentile par nombre de réponses
Votre historique - résultats
Vous n’avez pas pris ce quiz